000
00284nam a22001337a 4500
008
230911b ||||| |||| 00| 0 eng d
041
_a
eng
080
_a
521
082
_a
521SEC
100
_a
19
101
_a
ASTRO
245
_a
RICERCHE ASTRONOMICHE
_c
SECCHI.A
942
_2
udc
_c
BK
999
_c
60305
_d
60305